| 000 | 01169nam a2200313 i 4500 | ||
|---|---|---|---|
| 001 | bg | ||
| 003 | BPK | ||
| 005 | 20220307113024.0 | ||
| 008 | 051212s2005 pl d |000 0 pol | ||
| 020 | _a8360004005 | ||
| 020 | _a8360004056 | ||
| 040 | _cBPK | ||
| 041 | 0 |
_apol _aesp |
|
| 080 | _a811.162.1'374 | ||
| 080 | _a811.134.2'374 | ||
| 245 | 0 | 0 |
_aSłownik polsko-hiszpański hiszpańsko-polski z gramatyką / _c[oprac. przez Janinę i Oskara Perlinów ; gramatyka oprac. przez A. Böhringer i zaadapt. przez K. Zagórowską]. |
| 260 |
_aWarszawa : _bLangenscheidt, _c2005. |
||
| 490 | 1 | _aBiblioteka Gazety Wyborczej | |
| 500 | _aTyt. okł. i grzbiet.: Słownik.T. 5,polsko-hiszpański hiszpańsko-polski. | ||
| 655 | 4 | _aSłowniki polsko-hiszpańskie. | |
| 655 | 4 | _aSłowniki hiszpańsko-polskie. | |
| 700 | 1 | _aPerlin, Janina. | |
| 700 | 1 |
_aPerlin, Oskar _d( -2010). |
|
| 700 | 1 | _a Böhringer, A. | |
| 700 | 1 | _aZagórowska, Kamila. | |
| 856 |
_uhttp://koha.tu.koszalin.pl/cgi-bin/koha/opac-detail.pl?biblionumber=46591 _zKatalog online BPK |
||
| 830 | _aBiblioteka Gazety Wyborczej | ||
| 942 |
_cKS _2UKD |
||
| 999 |
_c46591 _d46591 |
||